| 000 | 00363nam a2200157Ia 4500 | ||
|---|---|---|---|
| 008 | 230917s9999||||xx |||||||||||||| ||und|| | ||
| 040 |
_e160200 _aMAIN |
||
| 041 | _aEnglish | ||
| 082 | _a641.57 P942P | ||
| 100 | _aGisslen, Wayne | ||
| 245 | 0 | _aProfessional cooking | |
| 250 | _a5th ed. | ||
| 260 |
_aNew York _bJohn Wiley |
||
| 300 | _a168 p. | ||
| 942 | _cBK | ||
| 999 |
_c135778 _d135778 |
||